000 00606nam a2200229Ia 4500
003 OSt
005 20221007071228.0
006 a|||||r|||| 00| 0
007 ta
008 221006b |||||||| |||| 00| 0 eng d
024 _a14,858
037 _cTextual
040 _aFLL
_cFLL
_beng
041 _2eng
_aeng
082 _aX:54:3:N3, J2
100 _aSchlote W. Au.
_9688362
245 0 _aBritish overseas trade
260 _aLondon
_bBasil blackwell oxford London
_c1952
300 _a181p
_ccm.
942 _hX:54:3:N3, J2
_cTEXL
_2CC
999 _c1142804
_d1142804